00749nam a22001697a 450000500170000000800410001702000350005805000350009324501290012826000900025730000580034750400210040565000340042665000330046070000460049370000400053920180531122345.0180531b mx ||||| |||| 00| 0 spa d a9786074485851 (Manual Moderno)04aHD6955 bC35 2017 00aCalidad de vida en el trabajo c/ [coordinador y autor] Juana Patlán Pérez ; editor responsable Santiago Viveros Fuentes aMéxico, D.F. :,bUniversidad Nacional Autónoma de México : Manual Modernoc2017 a xx, 278 páginas : b ilustracionesc23 centimetros aIncluye índice 4aCalidad de vida en el trabajo 4aTrabajo x Aspectos sociales1 aPatlán Pérez, Juana, eeditor, autor1 aViveros Fuentes, Santiago, eeditor